| 000 | 00654nam a2200229Ia 4500 | ||
|---|---|---|---|
| 001 | 802 | ||
| 003 | GE_BSU | ||
| 008 | 181216s||||||||xx |||||||||||||| ||und|| | ||
| 020 | _a5279020273 | ||
| 040 | _cGE_BSU | ||
| 080 | _a338.48(075.8) | ||
| 100 | _aБалабанов, И.Т; Балабанов, А.И; | ||
| 245 | _aЭкономика Туризма. | ||
| 245 | _bУчеб. пособия для студ. выш. учеб. завед. | ||
| 260 | _aМосква | ||
| 260 | _bфинансы и статистика | ||
| 260 | _c2001 | ||
| 300 | _a174 с. | ||
| 541 | _h6 л. | ||
| 653 | _aЭкономика Туризма | ||
| 942 | _cBK | ||
| 999 |
_c34968 _d34968 |
||